Infanticide (Record no. 554)

MARC details
000 -LEADER
fixed length control field 00272nam a2200109 4500
008 - FIXED-LENGTH DATA ELEMENTS--GENERAL INFORMATION
fixed length control field 160623b xxu||||| |||| 00| 0 eng d
100 ## - MAIN ENTRY--PERSONAL NAME
9 (RLIN) 687
Personal name Horan, D.J
245 ## - TITLE STATEMENT
Title Infanticide
260 ## - PUBLICATION, DISTRIBUTION, ETC. (IMPRINT)
Place of publication, distribution, etc. Utah
Name of publisher, distributor, etc. Brigham Young University
Date of publication, distribution, etc. 1982
300 ## - PHYSICAL DESCRIPTION
Extent Infanticide
942 ## - ADDED ENTRY ELEMENTS (KOHA)
Source of classification or shelving scheme Dewey Decimal Classification
Koha item type BOOK
Holdings
Withdrawn status Lost status Source of classification or shelving scheme Damaged status Not for loan Home library Current library Shelving location Date acquired Total Checkouts Full call number Barcode Date last seen Price effective from Koha item type
    Dewey Decimal Classification     Good Samaritan School Library Good Samaritan School Library   06/23/2016   610 HOR1403 06/23/2016 06/23/2016 BOOK

Powered by Koha